Quiz o geografii Afryki - Statystyki

Ogólne statystyki
  • Ten quiz został rozwiązany 214 razy
  • Średni wynik to 10 z 15
Statystyki odpowiedzi
Wskazówka Odpowiedź % Poprawnych
Stolica Egiptu Kair
97%
Najwyższy szczyt Afryki Kilimandżaro
77%
Kenia
76%
Państwo, którego stolicą jest Mogadiszu Somalia
76%
Etiopia
74%
Państwa wyspiarskie na Oceanie Atlantyckim Republika Zielonego Przylądka
74%
Tanzania
72%
Stolica Senegalu Dakar
71%
Państwa graniczące z Jeziorem Wiktorii Uganda
71%
Wyspy Świętego Tomasza i Książeca
69%
Morze, do którego ma dostęp m.in. Tunezja Morze Śródziemne
65%
Państwo, którego stolicą jest Asmara Erytrea
60%
Państwa, które nigdy nie były skolonizowane przez Europejczyków w Afryce Liberia
56%
Najbardziej rozwinięte państwo (HDI) Seszele
47%
Najmniej rozwinięte państwo (HDI) Republika Środkowoafrykańska
38%
Nie znaleziono quizów pasujących do podanych kryteriów
Rozkład punktacji
Procent ludzi z każdym wynikiem
Percentyl według liczby udzielonych odpowiedzi
Twoja historia wyników
Nie rozwiązałeś tego quizu